000 00464nam a2200169Ia 4500
999 _c3144
_d3144
003 GBCCL
005 20241126110448.0
008 171108b xxu||||| |||| 00| 0 eng d
040 _cgbc
082 _a262.107
_bKRU
100 _aKrueger, Kurt
_96495
245 _aMen as leaders :
_bstudy guide individual or group study
260 _bConcordia publishing house,
_aSt. Louis :
_c1998.
300 _a104p.
650 _aChristian leadership
_91568
942 _2ddc
_cBK